000 00480nam a2200181Ia 4500
001 7367
005 20260306160450.0
008 260306t2016||||xx |||||||||||||| ||spa||
041 _aESP
082 _a338.7
_bG37 Nº 55
100 _aAlbújar, Alex
_eAUT
245 0 _aObras por impuestos:
_bfactores que promueven la participación de la empresa privada
260 _c2016
300 _a143 páginas :
_c24 cm.
650 _aGEN
654 _aCAN
942 _cLIB
_dJUS
_fJUS
_2ddc
_n
999 _c7367
_d7367